| 000 | 00358nam a2200145Ia 4500 | ||
|---|---|---|---|
| 008 | 220803s9999 xx 000 0 und d | ||
| 020 | _a9788129113771 | ||
| 041 | _aeng | ||
| 082 | _a720.22 SHA | ||
| 100 |
_aSharma S. _926312 |
||
| 245 | _aArchitecture Life And Me | ||
| 260 |
_aNew Delhi _bRupa And Co. _c2008 |
||
| 300 | _a164p | ||
| 650 |
_aResearch _926313 |
||
| 999 |
_c16865 _d16865 |
||